| Поле | Инд. | ПП | Название | Значение |
|---|---|---|---|---|
| Тип записи | a | |||
| Библиографический уровень | m | |||
| 001 | Контрольный номер | RU/IS/BASE/226078144 | ||
| 005 | Дата корректировки | 20151222151733.6 | ||
| 008 | Кодируемые данные | 070313|||||||||ru |||||||||||000|||rus|| | ||
| 020 | a | ISBN | 5-85024-149-3 | |
| c | Цена, тираж | 80-00 | ||
| 040 | b | Код языка каталог. | rus | |
| e | Правила каталог. | PSBO | ||
| 041 | 0_ | a | Код языка текста | rus |
| 084 | a | Индекс другой классификации/Индекс ББК | 63.3(2)52 | |
| 090 | a | Полочн. индекс | 63.3(2)5 | |
| x | Авторский знак | Л 71 | ||
| 100 | 1_ | a | Автор | Ложье Ц. |
| q | Полное имя | Ложье Цезарь | ||
| 245 | 10 | a | Заглавие | Дневник офицера великой армии в 1812 году |
| b | Продолж. заглавия | пер. с фр. | ||
| c | Ответственность | под ред. Н. П. Губскаго, с предис. А. М. Васютинского, [сост. С. В. Кочнов] | ||
| 250 | a | Основные сведения об издании | Перепеч. изд. 1912 г. | |
| 260 | a | Место издания | Москва | |
| b | Издательство | Правда-Пресс | ||
| c | Дата издания | 2005 | ||
| 300 | a | Объем | 279 с. | |
| 440 | _0 | a | Серия | Библиотека мемуаров |
| 650 | 04 | a | Основная рубрика | Отечественная война, 1812 г.-Воспоминания и записки |
| 653 | 0_ | a | Ключевые слова | Мемуары |
| a | Ключевые слова | Отечественная война 1812 г. | ||
| a | Ключевые слова | Французская армия 19 в. | ||
| 901 | t | Тип документа | m |